000 00530nam a2200181Ia 4500
999 _c14311
_d14311
082 _aTS.0852
100 _aSrivastava, Akhilesh Kumar
245 0 _aFreedom struggle and state legislature of U.P. 1920-1947
260 _c1995
_bBanaras Hindu University
300 _a360p.
650 _aBRITISH RULE IN INDIA
650 _aFREEDOM STRUGGLE
650 _aUTTAR PRADESH - LEGISLATURE
650 _aUTTAR PRADESH - HISTORY
650 _aINDIA - HISTORY///UTTAR PRADESH - HISTORY
710 _aSantha, K.S.
942 _cTH
_2ddc